01056nam a2200253 a 450000100100000000500170001000800410002702000150006804000250008308200200010810000410012824501260016926000400029530000210033559000260035665000280038265000310041070000390044170000280048091000390050895201170054795201230066499900150078700000892220240412074208.0090921s2000 dr 000 p spa d a9993401366 aDO-SdBNPbspacBNPHU aRD861.5bH557ci1 aHernández, Jonathan,d1983-92349010aCiento cuarenta y cuatro mil lunas /cJonathan Hernández ; prólogo Nexcy Dʻ León ; presentación Yolanda Santana. aSanto Domingo :bCentenario,c2000. a111 p. ;c22 cm. aInventariado, 2018/LP 0aPoesía dominicana966 0aLiteratura dominicana.9671 aDʻ León, Nexcy,epról.9234911 aSantana, Yolanda923492 aValidado. Control de calidad BNPHU 0010718PDaPDbPDcHDd2009-09-21iLF1l0oRD861.5 H557cip8922-10r2020-06-25w2020-06-25yLFPDZNo se presta 0011718PDaPDbPDcMId2009-09-21iLF1l0oRD861.5 H557cip8922-20r2020-06-25te. 2w2020-06-25yLFPDZNo se presta c8688d8688